000 01068 a2200205 4500
001 1900
005 20260407155419.0
008 260407a2005 arg spa d
003 AR-UNSa-BCEJYS
040 _aAR-UNSa-BCEJYS
_bspa
_cAR-UNSa-BCEJYS
080 _a657
_xContabilidad
245 1 0 _aHaciendo contabilidad
_pteoría y práctica de las registraciones del ejercicio
264 1 _aBuenos Aires :
_bOsmar D. Buyatti
_c2005
300 _a447 p.
_c22 cm
505 _a1. Las relaciones de los socios y la sociedad - 2. Contingencias - 3. Componentes financieros y sobre precios - 4. Caja y bancos - 5. Créditos - 6. Bienes de cambio - 7. Bienes de uso - 8. Activos no operativos (inversiones) - 9. Bienes inmateriales - 10. Cargos diferidos - 11. Otros activos - 12. Obligaciones ciertas - 13. Obligaciones contingentes - 14. Utilidades diferidas
942 _cBK
590 _aniveau_biblio:m niveau_hierar:0
100 1 _aTelese, Miguel
856 4 1 _uhttps://biblioeco.unsa.edu.ar/pmb/images/libros/Haciendo contabilidad2-l116426.jpg
_yImagen de portada
_qimage/jpeg
999 _c200
_d200